000 00430nam a2200181Ia 4500
008 090124s9999 xx 000 0 und d
082 _b28060
100 _aGAYATRI DEVI
245 _aA PRINCESS REMEMBERS
250 _a1
260 _bTARANG PAPERBACKS
_c1989
300 _a335
600 _aGAYATRI DEVI
630 _aA PRINCESS REMEMBERS
700 _aGAYATRI DEVI
730 _aA PRINCESS REMEMBERS
942 _cBOOK
999 _c96398
_d96398